Harry Potter - Estadísticas

Estadísticas generales
  • Esta prueba ha sido intentada 185 veces
  • La puntuación promedio es 8 de 15
Estadísticas de respuestas
Pregunta Respuesta % Correcto
El niño que Sobrevivió Harry Potter
100%
Director de Hogwarts Albus Dumbledore
92%
Maestro de Pociones Severus Snape
82%
Professora de Transformaciones y Directora Minerva McGonagall
74%
Directora de Hogwarts por el Ministerio Dolores Umbridge
69%
Fundador de Hogwarts Salazar Slytherin
62%
Futura Ministra de Magia Hermione Granger
60%
Fundador de Hogwarts Rowena Ravenclaw
59%
Mortifaga Bellatrix Lestrange
58%
Fundador de Hogwarts Godric Gryffindor
56%
Fundador de Hogwarts Helga Hufflepuff
54%
Perteneciente a la Órden del Fenix Alastor Moody
17%
Guardaespaldas y Ministro de Magia Kingsley Shacklebolt
10%
Mago Tenebroso Tom Ryddle
6%
Campeón de varios premios de Hechizos Filius Flitwick
5%
No se encontraron pruebas coincidentes
Distribución de puntuación
Porcentaje de gente con cada puntuación
Porcentaje por número respondido
Historial de tus puntuaciones
No has intentado esta prueba.